| Tag |
First Indicator |
Second Indicator |
Subfields |
| LEADER |
00000cam a2200000 4500 |
| 001 |
in00000056501 |
| 005 |
20151007082011.0 |
| 008 |
800425s1938 fr 00010 fre d |
| 035 |
|
|
|a (OCoLC)06246926
|
| 035 |
|
|
|9 AAF7223AM
|
| 040 |
|
|
|a TXA
|c TXA
|d UtOrBLW
|
| 049 |
|
|
|a TXAM
|c [235673]
|
| 090 |
|
|
|a HM585
|b .D97 1938
|
| 092 |
|
|
|a 301
|b D963r9
|
| 100 |
1 |
|
|a Durkheim, Émile,
|d 1858-1917.
|
| 245 |
1 |
4 |
|a Les regles de la methode sociologique /
|c par Emile Durkheim.
|
| 250 |
|
|
|a 9th ed.
|
| 264 |
|
1 |
|a Paris :
|b F. Alcan,
|c 1938.
|
| 300 |
|
|
|a xxiv, 186 pages
|
| 336 |
|
|
|a text
|b txt
|2 rdacontent
|
| 337 |
|
|
|a unmediated
|b n
|2 rdamedia
|
| 338 |
|
|
|a volume
|b nc
|2 rdacarrier
|
| 490 |
1 |
|
|a Bibliotheque de philosophie contemporaine
|
| 650 |
|
0 |
|a Sociology.
|
| 830 |
|
0 |
|a Bibliothèque de philosophie contemporaine.
|
| 999 |
|
|
|a MARS
|
| 999 |
f |
f |
|s c319463b-4f54-3f77-aa7d-b19857e1d9f8
|i 3dfcd34c-2b86-3f59-a016-605ee11eace2
|t 0
|
| 952 |
f |
f |
|p ric
|a Texas A&M University
|b Rellis Campus
|c Joint Library Facility
|d Remote Storage
|t 0
|e HM585 .D97 1938
|h Library of Congress classification
|i unmediated -- volume
|m A14800631727
|
| 998 |
f |
f |
|a HM585 .D97 1938
|t 0
|l Remote Storage
|